Oracle9i DBA JumpStart

Oracle9i DBA JumpStart gives you the solid grounding you need to approach Oracle certification with confidence: Introduction to relational database concepts Using basic SQL*Plus and iSQL*Plus commands Understanding Oracle database functions Using multiple tables Restricting, sorting, and grouping da...

תיאור מלא

שמור ב:
מידע ביבליוגרפי
מחבר ראשי: Bryla, Bob
פורמט: ספר
שפה:Undetermined
יצא לאור: San Francisco, Calif.,London SYBEX 2003
נושאים:
תגים: הוספת תג
אין תגיות, היה/י הראשונ/ה לתייג את הרשומה!
Thư viện lưu trữ: Trung tâm Học liệu Trường Đại học Cần Thơ
LEADER 01125nam a2200205Ia 4500
001 CTU_163711
008 210402s9999 xx 000 0 und d
020 |c 24.99 
082 |a 005.7565 
082 |b B915 
100 |a Bryla, Bob 
245 0 |a Oracle9i DBA JumpStart 
245 0 |c Bob Bryla 
260 |a San Francisco, Calif.,London 
260 |b SYBEX 
260 |c 2003 
520 |a Oracle9i DBA JumpStart gives you the solid grounding you need to approach Oracle certification with confidence: Introduction to relational database concepts Using basic SQL*Plus and iSQL*Plus commands Understanding Oracle database functions Using multiple tables Restricting, sorting, and grouping data Creating and maintaining a database Using SQL*Plus reporting techniques Creating and maintaining database objects Setting up users and managing security Configuring optimization Creating backups Troubleshooting 
650 |a Relational databases,Database management,Cơ sở dữ liệu quan hệ,Quản lý cơ sở dữ liệu 
910 |a Nguyên 
980 |a Trung tâm Học liệu Trường Đại học Cần Thơ